000 00995nam a22003490a 4500
001 PT59219
003 AR-LpoUNG
005 20260120152604.0
008 201001s2017||||ag |||||||||||||||||spa d
020 _a9789876302791
_c$4
040 _aAR-LpoUNG
_bspa
_eaacr
041 0 _aspa
044 _aag
082 0 _a907.2 734his
100 1 _aMónaco, César
_ecomp.
245 1 0 _aHistoria y política :
_bseis ensayos sobre Eric Hobsbawm
250 _a1ra. ed.
260 _aLos Polvorines :
_bUniversidad Nacional de General Sarmiento,
_c2017.
300 _a136 p. :
_btbls., gráfs.
490 0 _aHumanidades ;
_vno.35
650 4 _aAMERICA LATINA
650 4 _aANALISIS HISTORICO
650 4 _aASPECTOS POLITICOS
650 4 _aGLOBALIZACION
650 4 _aHISTORIA
650 4 _aIDEOLOGIAS POLITICAS
650 4 _aMARXISMO
650 4 _aHISTORIOGRAFIA
856 4 0 _uhttp://repositorio.ungs.edu.ar/handle/UNGS/330
_yTexto completo
905 _a59219
942 _cLIB
_2ddc
999 _c51518
_d51518